000 01623nas1a22003011 4500
001 RU\NLR\Per\782530
005 20260408200406.0
035 _a(NLR Aleph) 003027589
090 _a1927725
_c1927725
100 _a20260201 rusy50
101 0 _arus
102 _aRU
110 _azk|||||||||
200 1 _aВысокотехнологичные методы лечения и реабилитации
_dHigh technology methods of treatment and rehabilitation
_eтеория и практика
_eежегодник
_fСПб ГУЗ "Гор. больница № 40"
_zeng
207 0 _a2010 (2011) -
210 _aСестрорецк
_aСанкт-Петербург
_cСПб ГУЗ "Городская больница № 40"
_d2011 -
510 1 _aHigh technology methods of treatment and rehabilitation
_zeng
606 1 _aТерапия
_jПериодические издания
_xИнновационные технологии
_92522527
_3RU\NLR\AUTH\661494683
606 _aРеабилитация (мед.)
_xИнновационные технологии
_jПериодические издания
_3RU\NLR\AUTH\661430856
_92400341
686 1 _aР35я53
712 0 2 _4570
_aСанкт-Петербургская городская больница
_c40
_3RU\NLR\AUTH\8810193074
_9276024
852 _aNLR
_jП16/1989
942 _cSE
980 _aNB
980 _aRUSPER